00779nam a22002417a 45000010005000000030006000050050017000110080041000280220018000690400032000870500016001190820012001351000023001472450044001702600037002143000024002514900035002755050007003105200170003175210017004875210018005047000015005223301FISKH20250211091211.0240226b cb ||||| |||| 00| 0 eng d 29780439918800 aFISK beng cFISK dFISK  aPZ7.S86037  a813.54  aStine R.L d1943-  aThe streets of panic park /cR.L Stine  aNew York : bScholastic, c2009  a136 pages : b20 cm aGoosebumps HorrorlandvBook 12 aF  aHorror. Juvenile Fiction. Suspense. HTML: The kids who are trapped in Horror Land thought they had reason enough to panic. That was before they reached Panic Park. 8 a370 bLexile8 aF bRaz-Plus aR.L Stine